La reelección en las constituciones de Salta (Registro nro. 2284)

Detalles MARC
000 -LEADER
fixed length control field 01618 a2200229 4500
001 - CONTROL NUMBER
control field 32479
005 - DATE AND TIME OF LATEST TRANSACTION
control field 20260407155623.0
008 - FIXED-LENGTH DATA ELEMENTS--GENERAL INFORMATION
fixed length control field 260407a2014 arg spa d
003 - CONTROL NUMBER IDENTIFIER
control field AR-UNSa-BCEJYS
040 ## - CATALOGING SOURCE
Original cataloging agency AR-UNSa-BCEJYS
Language of cataloging spa
Transcribing agency AR-UNSa-BCEJYS
080 ## - UNIVERSAL DECIMAL CLASSIFICATION NUMBER
Universal Decimal Classification number 342.4
Common auxiliary subdivision Constituciones. Asambleas legislativas. Asambleas nacionales (Reforma...)
020 ## - INTERNATIONAL STANDARD BOOK NUMBER
International Standard Book Number 978-987-698-068-5
041 ## - LANGUAGE CODE
Language code of text/sound track or separate title spa
100 1# - MAIN ENTRY--PERSONAL NAME
Personal name Gómez Diez, Ricardo
245 10 - TITLE STATEMENT
Title La reelección en las constituciones de Salta
Name of part/section of a work La tradición de 177 años sin reelección. El reeleccionismo. El futuro de Salta
264 #1 - PRODUCTION, PUBLICATION, DISTRIBUTION, MANUFACTURE, AND COPYRIGHT NOTICE
Place of production, publication, distribution, manufacture Salta :
Name of producer, publisher, distributor, manufacturer Mundo Gráfico Salta
Date of production, publication, distribution, manufacture, or copyright notice 2014
300 ## - PHYSICAL DESCRIPTION
Extent 155 p.
Dimensions 22 cm.
505 ## - FORMATTED CONTENTS NOTE
Formatted contents note Introducción; 1° Parte: La tradición no reeleccionista; La constitución de 1821; La constitución de 1855; La constitución de 1875,1882,1888 y 1906; La constitución de 1929; La constitución de 1949; La constitución de 1986. -- 2° Parte: El Reeleccionismo; Planteo del Tema; La constitución Nacional y la reelección, Las constituciones prvinciales y la reelección; ¿Es posible declarar la necesidad de la reforma de la constitución a través de una consulta popular?; La reforma provincial del año 1998; La reforma provincial del 2003; ¿Como interpretar el artículo 140 de la constitución de la provincia luego de la reforma del año 2003?; El futuro de Salta: Mirar para otro lado o construir una democracia de calidad para el siglo XXI. Bibliografía.
590 ## - LOCAL NOTE (RLIN)
Local note niveau_biblio:m niveau_hierar:0
856 41 - ELECTRONIC LOCATION AND ACCESS
Uniform Resource Identifier <a href="https://biblioeco.unsa.edu.ar/pmb/images/libros/reeleccion_gomez.jpg">https://biblioeco.unsa.edu.ar/pmb/images/libros/reeleccion_gomez.jpg</a>
Link text Imagen de portada
Electronic format type image/jpeg
942 ## - ADDED ENTRY ELEMENTS (KOHA)
Koha item type
Existencias
Withdrawn status Lost status Damaged status Not for loan Home library Current library Shelving location Date acquired Total checkouts Full call number Barcode Date last seen Price effective from Koha item type
        Biblioteca Prof. Eusebio Cleto del Rey Biblioteca Prof. Eusebio Cleto del Rey   07/04/2026   342.4 G633 L125149 07/04/2026 07/04/2026 Libro
        Biblioteca Prof. Eusebio Cleto del Rey Biblioteca Prof. Eusebio Cleto del Rey   07/04/2026   342.4 G633 L125150 07/04/2026 07/04/2026 Libro